Sekuritizácia a zaistenie – komplementy či substitúty?
Zaistenie a sekuritizácia ako možnosti prenosu časti poisťovateľovho rizika na ďalší subjekt. Pracuje sa s dvoma modelmi konvexnej optimalizácie, ktoré stanovujú funkciu prenosu časti poisťovateľovho rizika tak, aby minimalizovali celkovú stratu poisťovateľa.
Enregistré dans:
| Auteur principal: | |
|---|---|
| Format: | Chapitre de livre |
| Langue: | slovaque |
| Sujets: | |
| Tags: |
Pas de tags, Soyez le premier à ajouter un tag!
|
MARC
| LEADER | 00000nla a2200000 4500 | ||
|---|---|---|---|
| 001 | 0211681 | ||
| 005 | 20240502073530.3 | ||
| 041 | 0 | |a slo | |
| 044 | |a SK | ||
| 245 | 1 | 0 | |a Sekuritizácia a zaistenie – komplementy či substitúty? |c Daniel Komadel |
| 520 | |a Zaistenie a sekuritizácia ako možnosti prenosu časti poisťovateľovho rizika na ďalší subjekt. Pracuje sa s dvoma modelmi konvexnej optimalizácie, ktoré stanovujú funkciu prenosu časti poisťovateľovho rizika tak, aby minimalizovali celkovú stratu poisťovateľa. | ||
| 610 | 2 | 0 | |a matematika poistná |
| 610 | 2 | 0 | |a modely matematické |
| 610 | 2 | 0 | |a modelovanie |
| 610 | 2 | 0 | |a funkcie matematické |
| 610 | 2 | 0 | |a metódy kvantitatívne |
| 610 | 2 | 0 | |a zaistenie |
| 610 | 2 | 0 | |a riziko |
| 610 | 2 | 0 | |a poisťovatelia |
| 100 | 1 | |a Komadel, Daniel | |